Normal view
MARC view
Entry Personal Name
001 - CONTROL NUMBER
- control field: 5662
003 - CONTROL NUMBER IDENTIFIER
- control field: HDC
005 - DATE AND TIME OF LATEST TRANSACTION
- control field: 20230624073218.0
008 - FIXED-LENGTH DATA ELEMENTS
- fixed length control field: 210120|| aca||aabn | a|a d
040 ## - CATALOGING SOURCE
- Original cataloging agency: HDC
- Transcribing agency: HDC
100 ## - HEADING--PERSONAL NAME
- Personal name: Datuk Dr. Johnson Tee
670 ## - SOURCE DATA FOUND
- Source citation: Work cat.: (HDC): Datuk Dr. Johnson Tee, POIC Lahad Datu, Sabah-Opportunities for Halal Industry in BIMP EAGA region, 2009
